| 000 | 00964nam a2200289 i 4500 | ||
|---|---|---|---|
| 003 | OSt | ||
| 005 | 20260329123831.0 | ||
| 008 | 240327t2025 my ao gr 000 p may | ||
| 020 |
_a9789672422600 _cRM 35.00 _qpaperback |
||
| 040 |
_aPPAK _beng _cPPAK _erda |
||
| 082 | 0 | 4 |
_223 _a899.2313 |
| 090 | 0 | 0 |
_a899.2313 _bAHM _dG |
| 100 | 0 |
_aAhmad Adnan Muhammad Samman, _cTuan Guru, _eauthor. |
|
| 245 | 1 | 0 |
_aPanduan Hidup : _bKumpulan Sha'ir, Saja' dan Pantun / _cTuan Guru Ahmad Adnan bin Muhammad Samman |
| 264 | 1 |
_aKajang, Selangor : _bAkademi Jawi Malaysia Sdn Bhd, _c[2025] |
|
| 300 |
_aix, 270 pages : _billustrations, photographs ; _c21 cm |
||
| 336 |
_atext _2rdacontent |
||
| 337 |
_aunmediated _2rdamedia |
||
| 338 |
_avolume _2rdacarrier |
||
| 546 | _aText parallel in Malay and Jawi script | ||
| 650 | 1 | 0 | _aMalay poetry |
| 650 | 2 | 4 | _aSyair |
| 650 | 2 | 4 | _aSajak |
| 650 | 2 | 4 | _aPantoums |
| 650 | 2 | 4 | _aPoetry |
| 942 |
_2ddc _cB |
||
| 999 |
_c203540 _d203540 |
||